000
00242nam a2200097Ia 4500
008
240331s9999 xx 000 0 und d
082
_b
WOM
100
_a
Logo. ed
245
0
_a
Women against-Militarisation-Racism :
_b
lOGOS vOL.27 nO.1
942
_c
L
999
_c
1740
_d
1740